Motorista ako dojná krava

Zvýšenie cien za povinné zmluvné poistenie vozidla.. Pohonné hmoty nezdražejú. Vodičský preukaz bude drahší. Platiť sa bude aj za cesty prvej triedy.

Salvato in:
Dettagli Bibliografici
Autore principale: Borovský, Vladislav
Natura: Capitolo di libro
Lingua:slovacco
Soggetti:
Tags: Aggiungi Tag
Nessun Tag, puoi essere il primo ad aggiungerne!!

MARC

LEADER 00000naa$a2200000$$$4500
001 0003782
005 20231107125143.0
041 0 |a slo 
044 |a SK 
245 1 0 |a Motorista ako dojná krava  |c aut. Vladislav Borovský 
520 |a Zvýšenie cien za povinné zmluvné poistenie vozidla.. Pohonné hmoty nezdražejú. Vodičský preukaz bude drahší. Platiť sa bude aj za cesty prvej triedy. 
610 2 0 |a Slovensko 
610 2 0 |a motorizmus 
610 2 0 |a poistenie povinné zmluvné 
610 2 0 |a vodiči 
610 2 0 |a 2004 
100 1 |a Borovský, Vladislav